000 00373nam a22001577a 4500
003 MPLRDC
005 20220104143351.0
008 210129b ||||| |||| 00| 0 eng d
082 _a448.88 LGF
100 _a梁高辅编
245 _a怎样修理电晶体电视机
_c
260 _a
_b罗拔书局
_c
300 _b
650 _a电视机
942 _cBK
_o448.88 LGF
999 _c39206
_d39196